000 00908cab a2200277 4500
001 WB2933-22
008 090401t1993 xxu||||| |||| 00| 0 eng d
035 _a(Sirsi) u17797
041 _aeng
245 _aQuality standard attacked
260 _c1993
350 _a0
490 _aFinancial Times
_v7 September 1993, 12
490 _aContract Journal
_v396(5940) 2 September 1993, 1(2)
520 _aSmall businesses criticise BS5750, which, they claim, is expensive and geared to large organisations.
650 _aBS 5750
650 _aBSI
650 _aDEPARTMENT OF TRANSPORT
650 _aFEDERATION FOR SMALL BUSINESSES
650 _aFORUM OF PRIVATE BUSINESS
650 _aQUALITY ASSURANCE
650 _aPROPERTY-INFRASTRUCTURE-TRANSPORT INFRASTRUCTURE-ROAD INFRASTRUCTURE
690 _aMANAGEMENT-BUSINESS MANAGEMENT-PROFESSIONAL PRACTICE
942 _n0
948 _c04/03/1997
999 _c11805
_d11805